| 000 | 00822cam a22002535a 4500 | ||
|---|---|---|---|
| 001 | 12255010 | ||
| 005 | 20171113114053.0 | ||
| 008 | 001212t2001 mdua frbd 001 0 eng d | ||
| 020 | _a0781727332 | ||
| 020 | _a9780781727334 | ||
| 040 |
_aDLC _cDLC _dDLC _dEG-ScBUE _beng |
||
| 082 | 0 | 4 |
_a617.695 _222 _bFER |
| 100 | 1 |
_aFerracane, Jack L. _932536 |
|
| 245 | 1 | 0 |
_aMaterials in dentistry : _bprinciples and applications / _cJack L. Ferracane. |
| 250 | _a2nd ed. | ||
| 260 |
_aBaltimore : _bLippincott Williams & Wilkins, _cc.2001 |
||
| 300 |
_axiv, 354 p. : _bill. ; _c26 cm. |
||
| 500 | _aIndex : p. 343-354. | ||
| 500 | _aGlossary : p. 322-332. | ||
| 504 | _aIncludes bibliographical references. | ||
| 650 | 7 |
_aDental materials. _930155 _2BUEsh |
|
| 653 |
_bGGEN _cJanuary2014 _cNovember2017 |
||
| 942 |
_2ddc _k617.695 FER |
||
| 999 |
_c17965 _d17937 |
||